000 00662nam a22001937a 4500
005 20251108165539.0
008 250721s1966 xx 000 0 ara d
082 1 4 _aم/312.03/عبد
100 1 _aالشافعي، عبد المنعم
_eمترجم
245 1 0 _aالمعجم الديموجرافي المتعدد اللغات :
_bالمجلد العربي /
264 1 _aالقاهره :
_bدار الكاتب العربي،
_c1966.
300 _a157ص
650 1 7 _aالسكان
650 1 7 _aالمعاجم
650 1 7 _aالإحصاءات الديمغرافية
700 1 _aاليافي، عبد الكريم
942 _2ddc
_cREF
999 _c30470
_d30470